• Fregni G., Oliveto G. & L., Bovet T., Dubois J.P., Giovanni Paolo II

di Personal Name

Records bibliografici associati: 1

001 - CONTROL NUMBER

  • control field: 59884

003 - CONTROL NUMBER IDENTIFIER

  • control field:

005 - DATE AND TIME OF LATEST TRANSACTION

  • control field: 20230404152744.0

008 - FIXED-LENGTH DATA ELEMENTS

  • fixed length control field: 230404|| aca||aabn | a|a d

040 ## - CATALOGING SOURCE

  • Original cataloging agency:
  • Transcribing agency:

100 ## - HEADING--PERSONAL NAME

  • Personal name: Fregni G., Oliveto G. & L., Bovet T., Dubois J.P., Giovanni Paolo II

670 ## - SOURCE DATA FOUND

  • Source citation: Work cat.: ()206634: Fregni Gianfranco (a cura di) 59882, Le nostre case. , 1988
CREDITS: SOCIETA' SAN PAOLO Via A.Severo, 58 - ROMA (RM) & PERIODICI SAN PAOLO SRL Via Giotto, 36 MILANO & CISF Via Giotto, 36 MILANO & EDIZIONI SAN PAOLO SRL,  Piazza Soncino, 5 CINISELLO BALSAMO (MI) -- ITALY